Whose mouth Is this? : (Record no. 6804)

MARC details
000 -LEADER
fixed length control field 01072nam a22003017a 4500
001 - CONTROL NUMBER
control field 6804
003 - CONTROL NUMBER IDENTIFIER
control field FISKH
005 - DATE AND TIME OF LATEST TRANSACTION
control field 20250828145103.0
008 - FIXED-LENGTH DATA ELEMENTS--GENERAL INFORMATION
fixed length control field 250528b cb ||||| |||| 00| 0 eng d
020 ## - INTERNATIONAL STANDARD BOOK NUMBER
International Standard Book Number 9781404803268
040 ## - CATALOGING SOURCE
Original cataloging agency FISKH
Language of cataloging eng
Transcribing agency FISKH
Modifying agency FISKH
050 ## - LIBRARY OF CONGRESS CALL NUMBER
Classification number QL857.K44
082 ## - DEWEY DECIMAL CLASSIFICATION NUMBER
Classification number 573.3
100 ## - MAIN ENTRY--PERSONAL NAME
Personal name Kee, Lisa Morris
245 ## - TITLE STATEMENT
Title Whose mouth Is this? :
Remainder of title A look at bills, suckers, and tubes /
Statement of responsibility, etc. Written by Lisa Morris kee ; Illustrated by Ken Landmark
260 ## - PUBLICATION, DISTRIBUTION, ETC.
Place of publication, distribution, etc. Minnesota :
Name of publisher, distributor, etc. Picture Window Books,
Date of publication, distribution, etc. 2003.
300 ## - PHYSICAL DESCRIPTION
Extent 24 pages :
Other physical details color illustrations ;
Dimensions 26 cm
490 ## - SERIES STATEMENT
Series statement Whose is it ? science
505 ## - FORMATTED CONTENTS NOTE
Formatted contents note N<br/>
520 ## - SUMMARY, ETC.
Summary, etc. Explores the variety of mouths found in the animal kingdom, including the puffin's bill, howler monkey's mouth, and butterfly's tube, and describes how they are used.
521 8# - TARGET AUDIENCE NOTE
Target audience note 530<br/>
Source Lexile AD<br/>
521 8# - TARGET AUDIENCE NOTE
Target audience note N<br/>
Source Raz-Plus<br/>
650 ## - SUBJECT ADDED ENTRY--TOPICAL TERM
Topical term or geographic name entry element Adaptations
Form subdivision General
General subdivision Life science
650 ## - SUBJECT ADDED ENTRY--TOPICAL TERM
Topical term or geographic name entry element Anatomy
Form subdivision Animals
700 ## - ADDED ENTRY--PERSONAL NAME
Personal name Landmark, Ken
Relator term illustrator
942 ## - ADDED ENTRY ELEMENTS (KOHA)
Source of classification or shelving scheme Dewey Decimal Classification
Koha item type Books
Suppress in OPAC No
Holdings
Withdrawn status Lost status Source of classification or shelving scheme Damaged status Not for loan Collection Home library Current library Shelving location Date acquired Total Checkouts Full call number Barcode Date last seen Copy number Price effective from Koha item type
    Dewey Decimal Classification     Non-Fiction Footprints International School Library Network Toul Kork Campus Footprints International School Library Network Toul Kork Campus TK Primary Library Room(4th Floor), Bookcase 3&4, Shelves 17-32, Yellow Books 05/28/2025   KEE 573.3 QL857.K44 FISTK02071 05/28/2025 1 05/28/2025 Books
    Dewey Decimal Classification     Non-Fiction Footprints International School Library Network Toul Tom Poung Campus Footprints International School Library Network Toul Tom Poung Campus TTP Primary Yellow Bookshelves 08/28/2025   KEE 573.3 QL857.K44 FIS03770 08/28/2025 2 08/28/2025 Books